En Büyük Ticaret Ortakları - Türkiye - Statistics

General Stats
  • This quiz has been taken 788 times
  • The average score is 15 of 22
Answer Stats
İhracat İthalat Ülke % Correct
15.2 bil Rusya
98%
6.63 bil 10.9 bil Amerika Birleşik Devletleri
97%
14.0 bil 21.5 bil Almanya
94%
25.6 bil Çin
94%
6.03 bil 7.36 bil Fransa
93%
4.99 bil 5.68 bil İspanya
82%
7.58 bil 10.2 bil İtalya
82%
4.97 bil 4.70 bil İran
76%
11.7 bil 5.32 bil Birleşik Krallık
73%
3.94 bil Japonya
73%
7.64 bil Irak
70%
5.76 bil Hindistan
68%
3.17 bil 6.38 bil Suudi Arabistan
65%
2.73 bil Mısır
65%
3.59 bil 3.00 bil Hollanda
59%
6.38 bil Güney Kore
57%
3.20 bil Belçika
53%
2.96 bil İsrail
53%
2.65 bil 3.24 bil Polonya
51%
5.41 bil 3.70 bil Birleşik Arap Emirlikleri
36%
2.68 bil İsviçre
36%
2.67 bil Romanya
33%
No matching quizzes found
Score Distribution
Percent of People with Each Score
Percentile by Number Answered
Your Score History
You have not taken this quiz